000 00678nam a22002291 4500
001 sa 68005442
003 DLC
005 20260227112509.0
008 710915s1967 ii 00010 eng
010 _asa 68005442
025 _aPL480:I-E-9089
043 _aa-ii---
050 0 _aJQ298.I5
_bM57
082 _a320.9/54
100 1 0 _aMishra, Shyam Nandan,
_d1920-
245 1 4 _aThe crisis, the country, the Congress;
_ba thesis on postelection crisis
_c[by] S. N. Mishra.
260 0 _a[New Delhi]
_bCongress Socialist Forum,
_c1967.
300 _a40 p.
_c21 cm.
350 _aRs5
610 2 0 _aIndian National Congress.
651 0 _aIndia
_xPolitics and government
_y1947-
999 _c80747
_d80747